Innovation Expedition
Priblíženie projektu, ktorého cieľom bolo naučiť sa používať metódu dizajnérskeho myslenia v raných fázach tvorby produktu, počínajúc rozpoznaním trendov a monitorovaním spotrebiteľov vlastným pozorovaním, kombinujúc tvorivé a inovačné nástroje študentov. Použitie metódy projektového myslenia na roz...
Gespeichert in:
| 1. Verfasser: | |
|---|---|
| Format: | Buchkapitel |
| Sprache: | Englisch |
| Schlagworte: | |
| Tags: |
Keine Tags, Fügen Sie das erste Tag hinzu!
|
MARC
| LEADER | 00000naa$a2200000$$$4500 | ||
|---|---|---|---|
| 001 | 0260293 | ||
| 005 | 20240502083743.2 | ||
| 041 | 0 | |a eng | |
| 044 | |a PL | ||
| 245 | 1 | 0 | |a Innovation Expedition |c Ľubica Knošková |
| 520 | |a Priblíženie projektu, ktorého cieľom bolo naučiť sa používať metódu dizajnérskeho myslenia v raných fázach tvorby produktu, počínajúc rozpoznaním trendov a monitorovaním spotrebiteľov vlastným pozorovaním, kombinujúc tvorivé a inovačné nástroje študentov. Použitie metódy projektového myslenia na rozvoj skúseností študentov v tímovej práci a projektovej práci na podporu inovatívnych nápadov. | ||
| 610 | 2 | 0 | |a projekty |
| 610 | 2 | 0 | |a študenti |
| 610 | 2 | 0 | |a práca tímová |
| 610 | 2 | 0 | |a práca projekčná |
| 610 | 2 | 0 | |a inovácia |
| 610 | 2 | 0 | |a dizajn firemný |
| 100 | 1 | |a Knošková, Ľubica, 1965- | |